Social development AD / (Record no. 1349)

MARC details
000 -LEADER
fixed length control field 01383cam a2200373 a 4500
001 - CONTROL NUMBER
control field 12123389
003 - CONTROL NUMBER IDENTIFIER
control field OSt
005 - DATE AND TIME OF LATEST TRANSACTION
control field 20230619144015.0
008 - FIXED-LENGTH DATA ELEMENTS--GENERAL INFORMATION
fixed length control field 000623s2000 un b 000 0 eng
010 ## - LIBRARY OF CONGRESS CONTROL NUMBER
LC control number 00398113
020 ## - INTERNATIONAL STANDARD BOOK NUMBER
International Standard Book Number 9666110520
035 ## - SYSTEM CONTROL NUMBER
System control number (RuMoEVP)evKK2000001181
040 ## - CATALOGING SOURCE
Original cataloging agency DLC
Transcribing agency DLC
041 0# - LANGUAGE CODE
Language code of text/sound track or separate title engukr
050 00 - LIBRARY OF CONGRESS CALL NUMBER
Classification number HN8
Item number .A33 2000
082 ## - DEWEY DECIMAL CLASSIFICATION NUMBER
Classification number 303.4
Item number AFO
100 1# - MAIN ENTRY--PERSONAL NAME
Personal name Afonin, E. A.
245 10 - TITLE STATEMENT
Title Social development AD /
Statement of responsibility, etc. E. Afonin, A. Bandurka, A. Martynov.
246 15 - VARYING FORM OF TITLE
Title proper/short title Suspilʹnyĭ rozvytok vid Rizdva Khrystovoho
246 14 - VARYING FORM OF TITLE
Title proper/short title Suspilʹnyĭ rozvytok R.Kh.
260 ## - PUBLICATION, DISTRIBUTION, ETC. (IMPRINT)
Place of publication, distribution, etc. Kyïv :
Name of publisher, distributor, etc. Parlamentarian Publishing House,
Date of publication, distribution, etc. 2000.
300 ## - PHYSICAL DESCRIPTION
Extent 308 p. ;
Dimensions 20 cm.
440 #0 - SERIES STATEMENT/ADDED ENTRY--TITLE
Title Series Open research conception
500 ## - GENERAL NOTE
General note "Naukove vydanni︠a︡"--Colophon.
500 ## - GENERAL NOTE
General note At head of title: Ukrainian Social Innovation Society. Atlantic Council of Ukraine. Information and Library Department of the Apparatus of the Verkhovna Rada of Ukraine.
504 ## - BIBLIOGRAPHY, ETC. NOTE
Bibliography, etc Includes bibliographical references (p. 275-[294]).
546 ## - LANGUAGE NOTE
Language note English and Ukrainian.
650 #0 - SUBJECT ADDED ENTRY--TOPICAL TERM
Topical term or geographic name as entry element Social history.
700 1# - ADDED ENTRY--PERSONAL NAME
Personal name Bandurka, O. M.
Fuller form of name (Oleksandr Markovych)
700 1# - ADDED ENTRY--PERSONAL NAME
Personal name Martynov A. I︠U︡.
Fuller form of name (Andriĭ I︠U︡riĭovych)
906 ## - LOCAL DATA ELEMENT F, LDF (RLIN)
a 7
b cbc
c origres
d 3
e ncip
f 20
g y-gencatlg
942 ## - ADDED ENTRY ELEMENTS (KOHA)
Source of classification or shelving scheme Dewey Decimal Classification
Koha item type Books
Holdings
Withdrawn status Lost status Source of classification or shelving scheme Damaged status Not for loan Home library Current library Date acquired Total Checkouts Full call number Barcode Date last seen Price effective from Koha item type
    Dewey Decimal Classification     County Hall Archives County Hall Archives 06/19/2023   303.4 AFO 10011496 06/19/2023 06/19/2023 Books
LIBRARY OPENING HOURS

When the Parliament is sitting: 8.00a.m - 7.00p.m or until the house adjourns
Mondays and Fridays and when the House is on Recess:  8.00a.m - 5.00p.m
Closed on Weekends and Public Holidays

Online Public Access Catalog (OPAC)
Website: http://www.parliament.go.ke
Bunge Library: https://libraryir.parliament.go.ke
Contact: library@parliament.go.ke | Tel no: (254-2)2221291 or 2848000 Ext 5043